000 01181nam a2200289 i 4500
003 DO-SdBNP
005 20240305132444.0
007 ta
008 110413s2004 dr a 000 0 spa d
040 _aDO-SdBNP
_bspa
_cBNPHU
_erda
082 _bM917l
_222
100 1 _aMota Álvarez, Denis,
_d1952-
_911007
245 1 0 _aLey de lemas :
_bo voto preferencial /
_cDenis Mota Alvarez
264 1 _aSanto Domingo :
_bGente,
_c2004.
300 _a157 páginas
_c21 cm.
_bilustraciones
336 _2rdacontent
_atexto
_btxt
337 _2rdamedia
_asin mediación
_bn
338 _2rdacarrier
_avolumen
_bnc
500 _aIncluye datos biográficos del autor en la solapa de la portada.
500 _aLegislaciones argentina y uruguaya.
500 _aProyecto de ley que modifica la le electoral 275-97.
500 _aLos dimes y diretes delos actores políticos y sociales dominicanos.
505 2 _tIntroducción --
_t¿Qué es la ley de lemas o voto preferencial? --
_tLeyes de lemas y/o voto preferencial --
_tProyecto de ley que reforma la ley electoral No. 275-97 --
_tDe dimes y diretes /
590 _aInventariado, 2023/ YL
910 _aYLockward
942 _2ddc
_cLBS1
999 _c54957
_d54957